| 000 | 00388nam a22001577a 4500 | ||
|---|---|---|---|
| 003 | CEME | ||
| 005 | 20210628202103.0 | ||
| 008 | 210416b xxu||||| |||| 00| 0 eng d | ||
| 040 | _c. | ||
| 082 | _a629.836 WES'A | ||
| 100 |
_aWest, John C _958220 |
||
| 245 | _aAnalytical techniques for non linear control systems | ||
| 260 |
_aLONDON _bUP _c1960 |
||
| 300 | _a223P | ||
| 942 |
_cBK _2ddc |
||
| 999 |
_c568419 _d568419 |
||